|
|
|
|
| LEADER |
00987nab#a2200325#ar4500 |
| 001 |
000010013 |
| 003 |
SVKKK |
| 005 |
00000000000000.0 |
| 008 |
c xo e sloo |
| FMT |
|
|
|
| 038 |
|
|
|a SVKKK
|
| 040 |
|
|
|a SVKKK
|b slo
|e AACR2
|
| 041 |
0 |
|
|a slo
|
| 044 |
|
|
|a xo
|c SK
|
| 080 |
|
|
|a 796.
|2 1981
|
| 100 |
1 |
|
|a Švorc, Jaro
|4 com
|
| 245 |
1 |
0 |
|a Šerpa cup :
|b Tretie kolo 10. roččníka pretekov vysokohorských nosičov
|c Švorc Jaro, , Šťastný Ladislav
|
| 300 |
|
|
|b Fotogr. 3
|
| 500 |
|
|
|a Správny podnázov: 3. kolo...
|
| 650 |
0 |
4 |
|a Šerpa cup 1994 (preteky nosičov vysokohorských)
|x ročník 10.
|x kolo 3.
|z Popradské Pleso-Chata pod Rysmi (Vysoké Tatry)
|x priebeh
|x výsledky
|x reportáže
|
| 700 |
1 |
|
|a Šťastný, Ladislav
|4 aut
|
| 773 |
0 |
|
|t Krásy Slovenska
|g Roč. 71, č. 11-12(1994), s. 40-42
|
| 957 |
|
|
|a Vysoké Tatry
|
| 958 |
|
|
|a NP
|
| 958 |
|
|
|a RE
|
| 974 |
|
|
|d 941227
|a Čr
|
| 992 |
|
|
|a RBX
|
| BAS |
|
|
|
| 852 |
|
|
|a SVKKK
|b BIB
|
| 998 |
|
|
|a REG
|